000 00573nam a2200205Ia 4500
005 20250326140441.0
008 250326s9999 xx 000 0 und d
020 _a0-13-042364-5
037 _aTextbook
040 _aFMSL
_beng
_cFMSL
041 _aeng
_2eng
084 _aSNIobX:8 P2
_qFMSL
100 _aGordon J R
_9313299
245 0 _aOrganizational behavior:diagnostic approach
_cGordon J R
250 _a7
260 _aNew Jersey
_bNew Jersey, Prentice Hall
_c2002
300 _a589p
942 _cTB
_hSNIobX:8 P2
999 _c1285862
_d1285862